A review of building construction practices in local authorities: contracting procedures, obtaining value for money and the avoidance of malpractice (Record no. 95125)

MARC details
000 -LEADER
fixed length control field 00574cam a2200181 4500
001 - CONTROL NUMBER
control field D2330
008 - FIXED-LENGTH DATA ELEMENTS--GENERAL INFORMATION
fixed length control field 090401t1978 xxu||||| |||| 00| 0 eng d
035 ## - SYSTEM CONTROL NUMBER
System control number (Sirsi) u68611
041 ## - LANGUAGE CODE
Language code of text/sound track or separate title eng
050 ## - LIBRARY OF CONGRESS CALL NUMBER
Classification number 338.4569
110 ## - MAIN ENTRY--CORPORATE NAME
Corporate name or jurisdiction name as entry element The Chartered Institute of Public Finance and Accountancy
9 (RLIN) 898
245 #2 - TITLE STATEMENT
Title A review of building construction practices in local authorities: contracting procedures, obtaining value for money and the avoidance of malpractice
260 ## - PUBLICATION, DISTRIBUTION, ETC.
Place of publication, distribution, etc. London
Name of publisher, distributor, etc. CIPFA
Date of publication, distribution, etc. 1978
300 ## - PHYSICAL DESCRIPTION
Extent 50p. 21cm
350 ## - PRICE (NR) (BK AM CF MU VM SE) [OBSOLETE]
Price 2.25
942 ## - ADDED ENTRY ELEMENTS (KOHA)
Suppress in OPAC 0
948 ## - LOCAL PROCESSING INFORMATION (OCLC); SERIES PART DESIGNATOR (RLIN)
c (OCLC) 04/03/1997
Holdings
Withdrawn status Lost status Source of classification or shelving scheme Damaged status Not for loan Home library Current library Shelving location Date acquired Cost, normal purchase price Total Checkouts Full call number Barcode Date last seen Copy number Cost, replacement price Price effective from Koha item type
    Dewey Decimal Classification     London London Books 14/09/1999 2.25   338.4569 30003302 06/08/2019 1 2.25 06/08/2019 Book